Las Cuevas sumergidas de Republica Dominicana. (Record no. 29850)

MARC details
000 -LEADER
campo de control de longitud fija 00628cam a2200205Ma 4500
001 - NÚMERO DE CONTROL
campo de control 60871
005 - FECHA Y HORA DE LA ÚLTIMA TRANSACCIÓN
campo de control 20230410104005.0
008 - DATOS DE LONGITUD FIJA--INFORMACIÓN GENERAL
campo de control de longitud fija 060811s2004 dr a 000 0 eng d
035 ## - NÚMERO DE CONTROL DEL SISTEMA
Número de control de sistema (OCoLC)ocm85214651
040 ## - FUENTE DE CATALOGACIÓN
Centro catalogador/agencia de origen ZCU
Centro/agencia transcriptor ZCU
Centro/agencia modificador OCLCQ
020 ## - NÚMERO INTERNACIONAL ESTÁNDAR DEL LIBRO
ISBN cancelado o inválido 99993499609
035 ## - NÚMERO DE CONTROL DEL SISTEMA
Número de control de sistema (OCoLC)85214651
050 14 - SIGNATURA TOPOGRÁFICA DE LA BIBLIOTECA DEL CONGRESO
Número de clasificación C965 2004
245 04 - MENCIÓN DEL TÍTULO
Título Las Cuevas sumergidas de Republica Dominicana.
260 ## - PUBLICACIÓN, DISTRIBUCIÓN, ETC.
Lugar de publicación, distribución, etc. Santo Domingo, Republica Dominicana :
Nombre del editor, distribuidor, etc. Secretaria de Estado de Medio Ambiente y Recuros Naturales,
Fecha de publicación, distribución, etc. 2004.
300 ## - DESCRIPCIÓN FÍSICA
Extensión 135 p. :
Otras características físicas ill. (some col.) ;
Dimensiones 28 x 21 cm.
942 ## - ELEMENTOS DE ENTRADA SECUNDARIOS (KOHA)
Fuente del sistema de clasificación o colocación Clasificación de Library of Congress
Tipo de ítem Koha
994 ## -
-- C0
-- DRFGD
946 ## - PROCESAMIENTO DE INFORMACIÓN LOCAL (OCLC)
a csexposito
Holdings
Estatus retirado Estado de pérdida Fuente del sistema de clasificación o colocación Estado de daño No para préstamo Colección Biblioteca de origen Biblioteca actual Ubicación en estantería Fecha de adquisición Serial enumeration / chronology Signatura topográfica completa Código de barras Visto por última vez Copia número Tipo de ítem Koha
    Clasificación de Library of Congress     Recursos Regionales Biblioteca Juan Bosch Biblioteca Juan Bosch Recursos Regionales (2do. Piso) 10/04/2023 3 C965 2004 00000061548 23/10/2018 1